000 01412nam0a2200385 4500
001 RU\NLR\ONL2\3294
005 20250727040727.0
035 _a(NLR Aleph) 009650895
090 _a9573091
_c9573091
100 _a20050512d1936 |||y0rusy50 ca
101 1 _aesk
_crus
102 _aRU
105 _aa |||||||||
135 _acrcn 024anaba
200 1 _aNatьn juk panqejma tьnanьrmьn
_fV. T. Tambi
210 _aМ.
_aЛ.
_cTarn. izd. kanьhkuu koms. kom.
_d1936
215 _a30,[2] с.
_cил.
_d22
325 _aКопия доступна в Электрон. б-ке РНБ
541 1 _6z01790
_aКак человек научился летать
_zrus
686 1 _aШ9(2)672=Эск(Р)-4
700 1 _aTambi
_bV.
_4070
790 1 _6z01541
_aТамби
_bВ.
_4070
801 0 _aRU
_bNLR
_c20050512
_gPSBO
852 _aNLR
_bОНЛ
_jЭскимос./3-8
856 0 _uhttps://vivaldi.nlr.ru/bx000037450/view
856 1 _uhttps://vivaldi.nlr.ru/bx000037450/cover
856 2 _uhttps://vivaldi.nlr.ru/bx000037450/text
901 _eКнижные издания: ОНЛ
942 _cBOOK
980 _aNB
980 _aONL_RF
981 2 3 _a(23) Национальные литературы
_b(23) Книги на национальных языках